Civil War times illustrated

Bibliographic Details
New Title:Civil War times (2002)
Previous Title:Civil War times
Tradition
Format: Electronic Journal
Language:English
Published: Gettysburg, Pa. : Historical Times Inc., -2002.
Subjects:
Online Access:Full text available from Research Library: 03/01/1998 to 2002

MARC

LEADER 00000nas a2200000 a 4500
001 ssj0002501
003 WaSeSS
005 20200512172242.0
006 m d
007 cr n
008 750817d19622002paubx p s 0 a0eng c
010 |a  66006202   |z sn 78000217  
016 7 |a 100967149  |2 DNLM 
022 |l 0009-8094  |y 0009-8094 
035 |a (WaSeSS)ssj0002501 
040 |a MUL  |b eng  |c MUL  |d OCL  |d UCU  |d YUS  |d COO  |d MUL  |d NSD  |d IUL  |d NSD  |d AIP  |d NSD  |d AIP  |d DLC  |d NST  |d OCL  |d IUL  |d OCL  |d IUL  |d GUA  |d NLM  |d OCLCQ  |d MUQ  |d IUL  |d DLC  |d NLGGC  |d NSD  |d OCLCQ  |d ICN  |d OCLCQ  |d OCLCF  |d OCLCO  |d OCL  |d GILDS  |d OCLCO  |d GOU  |d OCLCQ  |d OCLCO  |d OCL  |d WaSeSS 
042 |a nsdp  |a pcc 
043 |a n-us--- 
050 0 0 |a E461  |b .C562 
082 0 4 |a 973 
210 0 |a Civil War times illus. 
222 0 |a Civil War times illustrated 
245 0 0 |a Civil War times illustrated  |h [electronic resource]. 
260 |a Gettysburg, Pa. :  |b Historical Times Inc.,  |c -2002. 
310 |a 7 no. a year,  |b -2002 
321 |a Frequency varies,  |b 1962-<2000> 
362 1 |a Began in Apr. 1962. 
362 0 |a -v. 41, no. 4 (Aug. 2002). 
500 |a Imprint varies: Harrisburg, PA : Cowles Magazines, Inc., <Mar./Apr. 1993->; Primedia, -2002. 
506 |a License restrictions may limit access. 
588 |a Description based on: Vol. 16, no. 10 (Feb. 1978); title from cover. 
647 7 |a American Civil War  |c (United States :  |d 1861-1865)  |2 fast  |0 (OCoLC)fst01351658 
648 7 |a 1861-1865  |2 fast 
650 1 7 |a Burgeroorlogen.  |2 gtt 
651 0 |a United States  |x History  |y Civil War, 1861-1865  |v Periodicals. 
651 6 |a États-Unis  |x Histoire  |y 1861-1865 (Guerre de Sécession)  |v Périodiques. 
651 7 |a United States.  |2 fast  |0 (OCoLC)fst01204155 
655 0 |a Electronic journals. 
780 0 0 |t Civil War times  |w (DLC) 66040153  |w (OCoLC)1554810 
780 0 5 |t Tradition  |g Feb. 1963  |x 0496-0408  |w (DLC) 62066794  |w (OCoLC)5097393 
785 0 0 |t Civil War times (2002)  |x 1546-9980  |w (DLC) 2003233046  |w (OCoLC)51269784 
850 |a DLC  |a InU  |a OrU  |a PHi  |a PPi  |a PPiU  |a ViBlbV 
856 4 0 |z Full text available from Research Library: 03/01/1998 to 2002  |u https://search.proquest.com/publication/39717